Quizzes
Events
Quiz Creation
Community
Videos
Private Events
Remove Ads
Sign In
Join for FREE
Feedback
Dark Mode
Quiz Categories
Sports
Geography
Music
Movies
Television
Just For Fun
Miscellaneous
History
Literature
Language
Science
Gaming
Entertainment
Religion
Holiday
For Kids
Quiz Lab
Recent
Popular Today
Quiz Kudos Today
Editor Picks
Curator Picks
Quizzes by...
Day
Popularity
Type
Ratings
Length
Year
Community
Subscriptions
Recent Discussions
Orange Saloon
Badges
Playlists
Quests
Create
Leaderboards
Showdown
Live 5
Trivia Bingo
Activity
Puzzle Library
Sporcle Events
Private Events
Virtual Trivia
Globe League
Become a Host
Pub Owners
SporcleCon
Opinionation
Our Games
Videos
Blog
Mobile Apps
Partnerships
Remove Ads and Go Orange
Feedback
Geography
Country
Landmarks
City
State
Population
World
Capital
Continent
Flags
Europe
Africa
Asia
South America
North America
Oceania
Border
Canada
United Kingdom
Topography
United States
Geography
Country
Landmarks
City
State
Population
World
Capital
Continent
Flags
Europe
Africa
Asia
South America
North America
Oceania
Border
Canada
United Kingdom
Topography
United States
Random Quiz
Search Sporcle
×
Quiz Lab
Quiz Lab
Geography
Isle of Wight
Type in answers that appear in a list
Type in answers that appear in a list
Classic
Best Score? Go Orange.
Jumbled Isle of Wight Stats
Can you name the Isle of Wight towns whose names are jumbled here?
By
SnorMcLax
8m
22 Questions
118 Plays
118 Plays
118 Plays
Comments
Comments
Give Quiz Kudos
Give Quiz Kudos
-
- Ratings
hide this ad
Forced Order
Answers have to be entered in order
Answers have to be entered in order
Random Order
Randomize order of answers
Randomize order of answers
Replay
Link that replays current quiz
Next Quiz
Link to next quiz in quiz playlist
You Got
0%
They Got
Avg Score
51%
Avg Friend Score
Upgrade to see
Score Distribution
Jump to the score distribution portion of the page
Score
0/22
Timer
08:00
0
Plays Today
Jumbled Name
Town
% Correct
DYER
RYDE
97.5%
WECOS
COWES
84.7%
ANKHNILS
SHANKLIN
84.7%
REPTOWN
NEWPORT
75.4%
DAWNSON
SANDOWN
72.9%
LEACH
CHALE
69.5%
WASHFERRET
FRESHWATER
65.3%
RIBBEDGEM
BEMBRIDGE
64.4%
GRINBAD
BRADING
62.7%
ROLLWAX
WROXALL
61.9%
HAYTUMOR
YARMOUTH
56.8%
Jumbled Name
Town
% Correct
WEEVISA
SEAVIEW
54.2%
SIGHDOLL
GODSHILL
52.5%
RAVENLADY
YAVERLAND
35.6%
EARTHEVENTS
HAVENSTREET
33.9%
DARNRUG
GURNARD
33.1%
NIGHTROBES
BRIGHSTONE
31.4%
COMBCLUE
LUCCOMBE
28%
OWNHOTROD
NORTHWOOD
26.3%
CABLETWARK
BLACKWATER
19.5%
BLUEACORN
CALBOURNE
12.7%
CLOTHLINER
CHILLERTON
6.8%
Quiz Playlist
Details
Report
Send in Message
Add To Playlist
Classic:
Type in answers that appear in a list
Forced Order:
Answers have to be entered in order
Random Order:
Randomize order of answers
Last Updated: Sep 16, 2017
Quiz Scoreboard
CHALLENGE
Sign Up to Join the Scoreboard
Show All
Scores
Hide
Comments
May contain spoilers
Recently Published
Movies - When Are They Set?
by FPL_Elf
Movies
5m
Popular People in 1961
by mucciniale
History
6m
1-10 Letter E Words III
by El_Dandy
Language
2m
More to Explore
Quiz From the Vault
Featured Blog Post
Where Did the Easter Bunny Come From?
hide this ad
You Might Also Like...
Tags
England
Isle of Wight
jumble
Town
Today's Top Quizzes in Geography
Browse Geography
hide this ad
Top Contributed Quizzes in Geography
1
Countries of the World - No Outlines Minefield
2
Top 25 Cities of France on a map
3
Closest Countries to UK A-Z
4
One Thing in Common: United Kingdom
5
Any capital of a 'B' country per Continent
6
Blind Secret Country CLXXXVIII
7
African Flag Reveal XLV
8
Blind Ultimate Minefield: USA
9
Find the US States - No Outlines
10
One Thing in Common: Asia
Explore More
Trending Topics
Harry Potter
Marvel
Disney
Anime
NBA
Kpop
Crossword
The Office
Puzzle
Song
Country
Soccer
Pokémon
NFL
WWE
hide this ad
More By:
SnorMcLax
Quiz
Plays
Rating
Category
Featured
Created
European Cities Sorting Blitz
67,834
4.17
Geography
Sep 20, 2017
European Cities Sorting Blitz II
23,756
4.35
Geography
Sep 22, 2017
Sorting Cities in Europe: NO, NL
7,260
5.00
Geography
Dec 13, 2017
Sorting Cities in Europe: ES, RU, HU, RU
6,606
4.90
Geography
Sep 21, 2017
Europe by 'A' City Match
4,356
4.50
Geography
Sep 20, 2017
Go to Creator's Profile
Score Distribution
Quiz Creator Spotlight
SnorMcLax
Follow
Send a Message
Quizzes Created
-
Created Quiz Play Count
-
More By This Creator
Popular Quizzes Today
1
Find the Countries of Europe - No Outlines Minefield
2
Find the US States - No Outlines Minefield
3
The Countries of the World
4
Popular People in 1961
5
US States
6
1-10 Letter E Words III
7
Find the US States
8
One Thing in Common: World Cities II
More Geography Quizzes
Flag Color Click - Romania
Quiz Lab
Trending Quizzes
Risky Map Clicking: Least Populous States A-Z
1-10 Letter F Words
1-10 Letter G Words
One Thing in Common: United Kingdom
Risky Map Clicking: Next State Alphabetically
Recently Updated
Leaping Animals
pecheneg
Reality TV Shows (A-Z)
bhenderson79
Rickey Henderson's Hall of Fame Teammates
pecheneg
Champions League XIs: Arsenal
pecheneg
Quick Pick: Celebrities in WWE's Hall of Fame
aduchscher
A-Z Keypad Blitz II
pecheneg
Multiple Oscar Actors
pecheneg
Mystery Phrase Blitz: Oscar 'Best Actors'
pecheneg
F. Scott Fitzgerald Novels
LTH
Pick 3 Villains
ddd62291
Trending Topics
Marvel
Crossword
NBA
Anime
Kpop
Disney
Harry Potter
Pokémon
Song
Puzzle
NFL
WWE
Soccer
The Office
Country
Your Account Isn't Verified!
In order to create a playlist on Sporcle, you need to verify the email address you used during registration. Go to your
Sporcle Settings
to finish the process.
Report this User
Report this user for behavior that violates our
Community Guidelines
.
Details:
Send Report
Go to the Sporcle.com Mobile Site →
Comments